Discursos leidos en la Real Academia de Medicina para la recepción Pública del Académico electo D. Santiago de la Villa y Martín, el día 18 de Diciembre de 1887. (Record no. 167547)

MARC details
000 -LEADER
campo de control de longitud fija 00758nam a22001695i 4500
001 - NÚMERO DE CONTROL
campo de control 167547
003 - IDENTIFICADOR DE NÚMERO DE CONTROL
campo de control ES-MaACL
005 - FECHA Y HORA DE LA ÚLTIMA TRANSACCIÓN
campo de control 20230906213540.0
008 - DATOS DE LONGITUD FIJA--INFORMACIÓN GENERAL
campo de control de longitud fija 981201s1887 sp |||| | spa d
040 ## - FUENTE DE CATALOGACIÓN
Centro catalogador/agencia de origen CCPB | B
Lengua de catalogación spa
Centro/agencia transcriptor CCPB | B
100 1# - ENTRADA PRINCIPAL--NOMBRE DE PERSONA
Nombre de persona Villa y Martín, Santiago de la Villa.
9 (RLIN) 133729
245 10 - MENCIÓN DEL TÍTULO
Título Discursos leidos en la Real Academia de Medicina para la recepción Pública del Académico electo D. Santiago de la Villa y Martín, el día 18 de Diciembre de 1887.
260 ## - PUBLICACIÓN, DISTRIBUCIÓN, ETC.
Lugar de publicación, distribución, etc. Madrid :
Nombre del editor, distribuidor, etc. Establecimiento Tipográfico de Manuel Minuesa,
Fecha de publicación, distribución, etc. 1887.
300 ## - DESCRIPCIÓN FÍSICA
Extensión 55 p. ;
Dimensiones 27 cm.
610 04 - PUNTO DE ACCESO ADICIONAL DE MATERIA--NOMBRE DE ENTIDAD CORPORATIVA
Nombre de entidad corporativa o nombre de jurisdicción como elemento de entrada Real Academia Nacional de Medicina (España)
9 (RLIN) 6344
852 ## - LOCALIZACIÓN
Ubicación ES-MaACL
Número de control de estantería T-450-F-7
Nota libre -- Enc. hol., falto de la cub. original
-- -- Enc. en un vol. facticio
Holdings
Estatus retirado Estado de pérdida Estado de daño No para préstamo Colección Biblioteca de origen Biblioteca actual Ubicación en estantería Fecha de adquisición Total de préstamos Signatura topográfica completa Código de barras Visto por última vez Precio de reemplazo Tipo de ítem Koha
        Colección de folletos Biblioteca del Ateneo de Madrid Biblioteca del Ateneo de Madrid Depósito folletos 17/01/2008   T-450-F-7 1175774 23/02/2023 23/02/2023 Folleto